00329pab a2200121 454500008004000000100001700040245008400057260000900141300001200150362001200162650001200174773002100186180718b2001 xxu||||| |||| 00| 0 eng d aShukla, P.K. aPre-colonial cultural legacy and colonial intervention: an historical appraisal c2001 ap.61-73 aMar-Apr aCulture aSocial Scientist